000 00258nam a22001217a 4500
003 SGT
082 _a174
_bKUM
100 _aKUMAR KAILESH
245 _aCORPORATE GOVERNANCE ISSUES AND CHALLENGES IN INDIA
260 _c2023
300 _a90
942 _2ddc
_cBK
999 _c34052
_d34052